Eastern Utah Libraries Catalog: Duchesne, Heber, Roosevelt, & Vernal

Henry Heckelbeck and the haunted hideout / (Record no. 353112)

MARC details
000 -LEADER
fixed length control field 01693cam a2200373 i 4500
001 - CONTROL NUMBER
control field sky298896229
003 - CONTROL NUMBER IDENTIFIER
control field SKY
005 - DATE AND TIME OF LATEST TRANSACTION
control field 20200903164309.0
008 - FIXED-LENGTH DATA ELEMENTS--GENERAL INFORMATION
fixed length control field 191020s2020 nyua j 000 1 eng d
020 ## - INTERNATIONAL STANDARD BOOK NUMBER
International Standard Book Number 9781534461178 (hardcover)
040 ## - CATALOGING SOURCE
Original cataloging agency YDX
Language of cataloging eng
Transcribing agency YDX
Modifying agency BDX
-- FM0
-- OCLCQ
-- ZAE
-- SKYRV
-- CoBoFLC
Description conventions rda
050 ## - LIBRARY OF CONGRESS CALL NUMBER
Classification number PZ
082 0# - DEWEY DECIMAL CLASSIFICATION NUMBER
Classification number E
092 ## - LOCALLY ASSIGNED DEWEY CALL NUMBER (OCLC)
Classification number junior fiction
Item number Coven
100 1# - MAIN ENTRY--PERSONAL NAME
Personal name Coven, Wanda,
Relator term author.
9 (RLIN) 5693573
245 10 - TITLE STATEMENT
Title Henry Heckelbeck and the haunted hideout /
Statement of responsibility, etc by Wanda Coven ; illustrated by Priscilla Burris.
246 30 - VARYING FORM OF TITLE
Title proper/short title Haunted hideout.
260 ## - PUBLICATION, DISTRIBUTION, ETC. (IMPRINT)
Place of publication, distribution, etc New York :
Name of publisher, distributor, etc Little Simon,
Date of publication, distribution, etc 2020.
264 #1 - Production, Publication, Distribution, Manufacture, and Copyright Notice.
Name of producer, publisher, distributor, manufacturer Simon & Schuster
Date of production, publication, distribution, manufacture, or copyr 2020.
Place of production, publication, distribution, manufacture New York ;
300 ## - PHYSICAL DESCRIPTION
Extent 118 pages :
Other physical details illustrations ;
Dimensions 20 cm.
336 ## - Content Type
Content type term text
337 ## - Media type
Media type term unmediated
338 ## - Carrier type
Carrier type term volume
490 1# - SERIES STATEMENT
Series statement Henry Heckelbeck ;
Volume number/sequential designation 3.
520 ## - SUMMARY, ETC.
Summary, etc "Henry is just like any other normal kid. He plays soccer. He isn't a huge fan of homework. He even has an older sister, Heidi. What's not so normal about Henry is that he's magic. Henry also needs a hideout. He needs a place to play with his best friend where his sister can't bother them. A hideout like this calls for a magic spell. But can magic make a hideout haunted?"--Publisher's website.
650 #0 - SUBJECT ADDED ENTRY--TOPICAL TERM
Topical term or geographic name as entry element Magic
Form subdivision Juvenile fiction.
9 (RLIN) 5673690
650 #0 - SUBJECT ADDED ENTRY--TOPICAL TERM
Topical term or geographic name as entry element Haunted places
Form subdivision Juvenile fiction.
9 (RLIN) 5711936
650 #0 - SUBJECT ADDED ENTRY--TOPICAL TERM
Topical term or geographic name as entry element Brothers and sisters
Form subdivision Juvenile fiction.
9 (RLIN) 5674032
650 #0 - SUBJECT ADDED ENTRY--TOPICAL TERM
Topical term or geographic name as entry element Hiding places
Form subdivision Juvenile fiction.
9 (RLIN) 5716737
700 1# - ADDED ENTRY--PERSONAL NAME
Personal name Burris, Priscilla,
Relator term illustrator.
9 (RLIN) 39985
800 1# - SERIES ADDED ENTRY--PERSONAL NAME
Personal name Coven, Wanda.
Title of a work Henry Heckelbeck ;
Volume/sequential designation #3.
9 (RLIN) 6372477
907 ## - LOCAL DATA ELEMENT G, LDG (RLIN)
a .b42186722x
942 ## - ADDED ENTRY ELEMENTS (KOHA)
Source of classification or shelving scheme Dewey Decimal Classification
Koha item type BOOK
Holdings
Withdrawn status Lost status Source of classification or shelving scheme Damaged status Not for loan Collection code Home library Current library Shelving location Date acquired Source of acquisition Serial Enumeration / chronology Total Checkouts Total Renewals Full call number Barcode Checked out Date last seen Date checked out Cost, replacement price Price effective from Koha item type
    Dewey Decimal Classification     Junior Fiction Wasatch County Library Wasatch County Library Main Floor Junior Area 09/03/2020 Micromarketing #3 26 14 J Coven 34301001659525 04/08/2026 02/09/2026 02/09/2026 17.99 09/03/2020 BOOK
This project was made possible through a grant from the Institute of Museum and Library Service administered by the Utah State Library Division.

Wasatch County Library

  • 465 East 1200 South, Heber City, Utah 84032
  • Phone 435-654-1511 | Fax 435-654-6456

Hours

  • Monday - Friday 9:30 AM - 8:00 PM
  • Saturday 9:30 AM - 1:30 PM
  • Closed Sundays and Holidays